[Event "0pen Est 2012/2013"]
[Site "Aubagne"]
[Date "2013.03.10"]
[Round "6.13"]
[White "Benezra, David"]
[Black "Gamblin, Vincent"]
[Result "1-0"]
[WhiteElo "1448"]
[BlackElo "1510"]
[PlyCount "59"]

1. e4 e5 2. Nf3 Nc6 3. d4 exd4 4. Nxd4 Nxd4 5. Qxd4 d6 6. Nc3 Nf6 7. f3 Be7 8.
Be3 c5 9. Qd2 O-O 10. O-O-O Be6 11. Nb5 d5 12. e5 Nd7 13. f4 d4 14. Bf2 Bg4 15.
Re1 Be6 16. Kb1 Nb6 17. b3 a6 18. Na3 Rc8 19. h3 c4 20. Qxd4 Bxa3 21. Qxd8
Rfxd8 22. Bxb6 Rd2 23. Be3 Rd7 24. g4 Bb4 25. Rc1 c3 26. Bg2 b5 27. f5 Bd5 28.
Rhd1 Bc6 29. Bxc6 Rxc6 30. Rxd7 1-0

[Event "0pen Est 2012/2013"]
[Site "Aubagne"]
[Date "2013.03.10"]
[Round "6.15"]
[White "Gallo, Nicolas"]
[Black "Cotton, Paul"]
[Result "1-0"]
[WhiteElo "1499"]
[BlackElo "1320"]
[PlyCount "65"]

1. e4 c5 2. c4 d6 3. Nc3 Nc6 4. g3 g6 5. Bg2 Bg7 6. h3 Nf6 7. Nge2 O-O 8. O-O
Be6 9. d3 Qd7 10. Kh2 Rab8 11. f4 Qc8 12. g4 a6 13. f5 Bd7 14. Ng3 b5 15. g5
Ne8 16. h4 f6 17. h5 Ne5 18. hxg6 hxg6 19. Nd5 Qd8 20. Nf4 gxf5 21. Qh5 fxe4
22. g6 Ng4+ 23. Kg1 Bh6 24. Nd5 Ng7 25. Qh4 Qe8 26. Bxh6 Nf5 27. Nxf5 Bxf5 28.
Rxf5 e6 29. Bxf8 Qd7 30. g7 Rxf8 31. Qh8+ Kf7 32. gxf8=Q+ Kg6 33. Qh5# 1-0

[Event "0pen Est 2012/2013"]
[Site "Aubagne"]
[Date "2013.03.10"]
[Round "6.16"]
[White "Evanno, Georges"]
[Black "Mallet, Philippe"]
[Result "0-1"]
[WhiteElo "1320"]
[BlackElo "1499"]
[PlyCount "72"]

1. e4 c5 2. Bc4 e6 3. a3 Nc6 4. d3 d6 5. Nc3 Nf6 6. Bd2 Be7 7. h3 O-O 8. Be3 d5
9. exd5 exd5 10. Nxd5 Nxd5 11. Qf3 Nxe3 12. fxe3 Qc7 13. Ne2 Ne5 14. Qe4 Nxc4
15. Qxc4 Be6 16. Qf4 Qc6 17. Qf2 Qb6 18. O-O Qxb2 19. Nf4 Qb6 20. c4 Rad8 21.
Rad1 Bg5 22. Nh5 g6 23. Ng3 Qb3 24. Ne4 Be7 25. h4 h5 26. Kh1 Rxd3 27. Rb1 Qxc4
28. Qf3 Bd5 29. Nf6+ Bxf6 30. Qxf6 Rd2 31. Qe5 Bxg2+ 32. Kg1 Bxf1 33. Rxf1 Qe2
34. Qg3 Rd1 35. Qh3 Rfd8 36. Qg2 Rxf1+ 0-1

[Event "0pen Est 2012/2013"]
[Site "Aubagne"]
[Date "2013.03.09"]
[Round "6.17"]
[White "Telouk, Olivier"]
[Black "Kallenberg, Hardi"]
[Result "1-0"]
[WhiteElo "1199"]
[BlackElo "1480"]
[PlyCount "99"]

1. e4 e5 2. Nf3 Nc6 3. Nc3 d6 4. Bc4 Na5 5. d3 Nxc4 6. dxc4 Be6 7. Qe2 Be7 8.
O-O h6 9. Nd5 Bg4 10. h3 Bh5 11. Nxe7 Qxe7 12. c5 g5 13. Qb5+ Kf8 14. Qxb7 Qd8
15. g4 Bg6 16. Rd1 Rb8 17. Qc6 Ne7 18. Qa4 a5 19. Nxe5 Rb4 20. Nxg6+ Nxg6 21.
Qxa5 Rxe4 22. Rxd6 Qe7 23. Rd1 Re2 24. Bd2 Nh4 25. Qc3 f6 26. Kf1 Kg7 27. Re1
Re8 28. Be3 Rxe1+ 29. Rxe1 Qe4 30. Ke2 Qf3+ 31. Kd2 Rd8+ 32. Kc1 Ng2 33. Rg1
Qe2 34. Bd4 Rxd4 35. Qxd4 Ne1 36. Rxe1 Qxe1+ 37. Qd1 Qxf2 38. b4 Qe3+ 39. Kb2
Qe5+ 40. c3 Kg6 41. Qd3+ Kg7 42. a4 Qh2+ 43. Kb3 Qh1 44. a5 Qa1 45. Kc4 Qa2+
46. Kb5 Qe6 47. c6 Qe5+ 48. Ka6 h5 49. gxh5 Kh6 50. Qg6# 1-0

[Event "0pen Est 2012/2013"]
[Site "Aubagne"]
[Date "2013.03.10"]
[Round "6.18"]
[White "Pala, Gerard"]
[Black "Plancq, Jacques"]
[Result "0-1"]
[WhiteElo "1380"]
[BlackElo "1340"]
[PlyCount "98"]

1. c4 e5 2. Nf3 Nc6 3. g3 Nf6 4. Bg2 b6 5. Nxe5 Bb7 6. Nxc6 Bxc6 7. Bxc6 dxc6
8. e3 Qd3 9. b3 Qe4 10. Ke2 Qg4+ 11. f3 Qd7 12. Bb2 O-O-O 13. Bxf6 gxf6 14. d4
h6 15. Kf2 Re8 16. f4 Qe6 17. Re1 Qh3 18. Kg1 c5 19. d5 Bg7 20. Na3 h5 21. Qf3
h4 22. Rad1 hxg3 23. Qxg3 Qxg3+ 24. hxg3 Rhg8 25. Nb5 Kb8 26. d6 cxd6 27. Nxd6
Rd8 28. Nf5 Bh8 29. Rxd8+ Rxd8 30. Nh6 Rd2 31. Nxf7 Bg7 32. g4 Rd7 33. Ng5 fxg5
34. fxg5 Bc3 35. Rf1 Bd2 36. Rf8+ Kb7 37. Rf3 Rg7 38. g6 Rxg6 39. Rg3 Ka6 40.
e4 Re6 41. Rd3 Bg5 42. Rd5 Be3+ 43. Kg2 Rxe4 44. g5 Re6 45. Kf3 Bc1 46. Kg4 Ka5
47. Rd7 a6 48. Rg7 Kb4 49. Kf5 Bb2 0-1

[Event "0pen Est 2012/2013"]
[Site "Aubagne"]
[Date "2013.03.10"]
[Round "6.19"]
[White "Gamblin, Antoine"]
[Black "Bauden, Thomas"]
[Result "1-0"]
[WhiteElo "1287"]
[BlackElo "1190"]
[PlyCount "37"]

1. e4 c5 2. Nf3 Nc6 3. Nc3 d6 4. d4 cxd4 5. Nxd4 Bd7 6. Be2 g6 7. Be3 Bg7 8.
Qd2 Nf6 9. Bh6 O-O 10. Nxc6 Bxc6 11. f3 Rc8 12. Bxg7 Kxg7 13. O-O-O Nd7 14.
Qd4+ Kg8 15. h4 Nc5 16. h5 gxh5 17. Rxh5 f6 18. Bc4+ Kh8 19. Qe3 1-0

[Event "0pen Est 2012/2013"]
[Site "Aubagne"]
[Date "2013.03.10"]
[Round "6.20"]
[White "Conti, Guillaume"]
[Black "Strate, Francois"]
[Result "0-1"]
[WhiteElo "1510"]
[BlackElo "1383"]
[PlyCount "48"]

1. e4 e6 2. Nf3 d5 3. exd5 exd5 4. Qe2+ Be7 5. Nc3 Nf6 6. d4 O-O 7. Bg5 c6 8.
Qd2 Re8 9. O-O-O a5 10. a3 b5 11. Nb1 Ne4 12. Bxe7 Rxe7 13. Qe3 Ng3 14. Ne5
Nxh1 15. Bd3 f5 16. Rxh1 Qf8 17. Qh3 Raa7 18. g4 g6 19. gxf5 Rg7 20. Rg1 Bxf5
21. Bxf5 Qxf5 22. Qh4 Rae7 23. Rg3 Qxf2 24. Rf3 Qxh4 0-1

[Event "0pen Est 2012/2013"]
[Site "Aubagne"]
[Date "2013.03.09"]
[Round "6.21"]
[White "Benezra, Ruthy"]
[Black "Autouard, Jean Luc"]
[Result "1-0"]
[WhiteElo "1323"]
[BlackElo "1499"]
[PlyCount "41"]

1. e4 c5 2. Nf3 Nf6 3. Nc3 a6 4. d4 cxd4 5. Nxd4 e6 6. e5 Nd5 7. Nxd5 exd5 8.
Nf3 Qa5+ 9. Bd2 Qc5 10. Be3 Qb4+ 11. c3 Qxb2 12. Be2 Qxc3+ 13. Bd2 Qc5 14. Rc1
Qa3 15. Rxc8+ Ke7 16. Qb1 b5 17. Bb4+ Qxb4+ 18. Qxb4+ Ke6 19. Rxf8 Rxf8 20.
Qxf8 Kf5 21. Bd3+ 1-0

[Event "0pen Est 2012/2013"]
[Site "Aubagne"]
[Date "2013.03.10"]
[Round "6.22"]
[White "Batalov, Azat"]
[Black "Moerenhout, Jean Claude"]
[Result "1/2-1/2"]
[WhiteElo "1499"]
[BlackElo "1380"]
[PlyCount "142"]

1. c4 e5 2. Nc3 Nf6 3. d3 Nc6 4. Nf3 d5 5. cxd5 Nxd5 6. Bd2 Nb6 7. g3 Be7 8.
Bg2 O-O 9. O-O Re8 10. a3 a5 11. Rb1 Bf8 12. Qc2 Bg4 13. Na2 Bxf3 14. Bxf3 Nd4
15. Qd1 Nxf3+ 16. exf3 Qd7 17. Qc2 Rec8 18. b4 axb4 19. axb4 Ra3 20. Rb3 Rxb3
21. Qxb3 Nd5 22. b5 b6 23. Nb4 Nxb4 24. Bxb4 Qxb5 25. Rb1 Bxb4 26. Qxb4 Qxd3
27. Rb3 Qd1+ 28. Kg2 h6 29. Rb1 Qd3 30. Re1 Qd4 31. Qe7 Qd6 32. Rxe5 Qxe7 33.
Rxe7 c5 34. Rb7 Rc6 35. Rb8+ Kh7 36. Kf1 c4 37. Ke1 Rd6 38. Rc8 Rd4 39. Ke2 b5
40. Ke3 Rd3+ 41. Ke2 Kg6 42. Rc5 Rb3 43. Kd2 Kf6 44. f4 g6 45. Kc2 Ke6 46. Re5+
Kd6 47. Re3 Kc5 48. Rxb3 cxb3+ 49. Kxb3 Kd4 50. h4 Ke4 51. Kb4 Kf3 52. Kxb5
Kxf2 53. g4 Kg3 54. f5 Kxg4 55. f6 Kxh4 56. Kc6 Kg5 57. Kd5 Kxf6 58. Ke4 Kg5
59. Kf3 f5 60. Kg3 h5 61. Kh3 h4 62. Kg2 Kh5 63. Kf3 g5 64. Kg2 Kg4 65. Kh2 f4
66. Kg2 h3+ 67. Kh2 f3 68. Kg1 Kg3 69. Kh1 g4 70. Kg1 h2+ 71. Kh1 Kh3 1/2-1/2

[Event "0pen Est 2012/2013"]
[Site "Aubagne"]
[Date "2013.03.10"]
[Round "6.23"]
[White "Pietrac, Christian"]
[Black "Monteil, Marie-Joseph"]
[Result "1/2-1/2"]
[WhiteElo "1499"]
[BlackElo "1290"]
[PlyCount "159"]

1. Nf3 Nc6 2. e4 e5 3. d4 exd4 4. Bc4 h6 5. Nxd4 Ne5 6. Bb3 Nf6 7. Nd2 Bc5 8.
c3 O-O 9. h3 d5 10. Qe2 Re8 11. O-O Ng6 12. Bc2 c6 13. b4 Bxd4 14. cxd4 Bf5 15.
f3 Nf4 16. Qe3 Qc7 17. Re1 Nxh3+ 18. gxh3 Qg3+ 19. Kf1 Bxh3+ 20. Ke2 dxe4 21.
Nxe4 Nxe4 22. Bxe4 Re7 23. Rg1 Qd6 24. Ba3 Bd7 25. b5 c5 26. Bxc5 Bxb5+ 27. Kf2
Qh2+ 28. Rg2 Qh4+ 29. Kg1 Re6 30. Rb1 Bc6 31. Qf2 Qe7 32. Bxe7 Rxe7 33. Re1
Rae8 34. d5 Bxd5 35. Qxa7 b5 36. Rge2 Rxa7 37. Bxd5 Rd8 38. Re8+ Rxe8 39. Rxe8+
Kh7 40. Rb8 Rc7 41. Be4+ g6 42. Kg2 Rc5 43. Bd3 Rg5+ 44. Kf2 Rh5 45. Bxb5 Rh2+
46. Kg3 Rxa2 47. Bc4 Ra7 48. Rf8 Kg7 49. Rd8 Rc7 50. Rd4 Rc5 51. Rf4 f5 52. Rd4
Re5 53. Rd7+ Kf8 54. Bf7 g5 55. Bg6 f4+ 56. Kg4 Re1 57. Bh5 Rg1+ 58. Kf5 Rh1
59. Kg6 Ke8 60. Ra7 Rg1 61. Kxh6+ Kd8 62. Kg6 Kc8 63. Kf6 Kb8 64. Rg7 Kc8 65.
Rxg5 Rxg5 66. Kxg5 Kd7 67. Kxf4 Ke6 68. Ke4 Kf6 69. f4 Ke6 70. f5+ Kf6 71. Be2
Ke7 72. Ke5 Kf7 73. Bc4+ Ke7 74. f6+ Kf8 75. Ke6 Ke8 76. f7+ Kf8 77. Bb5 Kg7
78. Ke7 Kh7 79. f8=Q Kg6 80. Qf6+ 1/2-1/2

[Event "0pen Est 2012/2013"]
[Site "Aubagne"]
[Date "2013.03.09"]
[Round "6.24"]
[White "Morata, Serge"]
[Black "Lang, Michel"]
[Result "1-0"]
[WhiteElo "1090"]
[BlackElo "1440"]
[PlyCount "41"]

1. d4 d5 2. c4 e6 3. Nf3 h6 4. Nc3 c5 5. e3 Nf6 6. Bd3 Be7 7. Ke2 O-O 8. Qc2
Na6 9. a3 Nc7 10. Ne5 cxd4 11. exd4 dxc4 12. Nxc4 Qxd4 13. Be3 Qd7 14. Rad1
Ncd5 15. Ne5 Nxe3 16. fxe3 Qc7 17. Nc4 Bd7 18. a4 b5 19. axb5 Qc5 20. Qa4 Qxe3+
21. Nxe3 1-0

[Event "0pen Est 2012/2013"]
[Site "Aubagne"]
[Date "2013.03.09"]
[Round "6.25"]
[White "Mroz, Erwin"]
[Black "Masson, Wally"]
[Result "1-0"]
[WhiteElo "1420"]
[BlackElo "1270"]
[PlyCount "52"]

1. e4 e5 2. Nf3 Nc6 3. Bb5 Nf6 4. O-O d5 5. exd5 Qxd5 6. c4 Qd6 7. Bxc6+ bxc6
8. Nc3 Be7 9. d3 O-O 10. Re1 Ng4 11. h3 Nf6 12. Rxe5 c5 13. Qe2 Re8 14. Bg5 Bb7
15. Nb5 Bxf3 16. gxf3 Qd7 17. Re1 h6 18. Bxf6 Bxf6 19. Rxe8+ Rxe8 20. Qxe8+
Qxe8 21. Rxe8+ Kh7 22. Nxa7 Bxb2 23. Nb5 c6 24. Na7 f6 25. a4 Be5 26. Nxc6 Bc7
1-0

[Event "0pen Est 2012/2013"]
[Site "Aubagne"]
[Date "2013.03.10"]
[Round "6.26"]
[White "Rouault, Alexandre"]
[Black "Rieu, Jean"]
[Result "1-0"]
[WhiteElo "1199"]
[BlackElo "1420"]
[PlyCount "71"]

1. e4 b6 2. d4 Bb7 3. Bd3 e6 4. Nf3 Nf6 5. Nc3 Bb4 6. Qe2 Bxc3+ 7. bxc3 a5 8.
O-O Nc6 9. Re1 Ne7 10. c4 c5 11. c3 Ng6 12. e5 Nh5 13. g3 O-O 14. Ng5 Nxg3 15.
hxg3 f6 16. Nxh7 Kf7 17. Nxf8 Qxf8 18. Qh5 f5 19. g4 Qh8 20. Qxh8 Rxh8 21. Kf1
Rh1+ 22. Ke2 Rh3 23. Be3 Bf3+ 24. Kd2 Bxg4 25. Rh1 Nh4 26. Rxh3 Bxh3 27. dxc5
Nf3+ 28. Ke2 Bg4 29. cxb6 Nxe5+ 30. Kd2 Nc6 31. b7 a4 32. Be2 Bh3 33. Bf3 d5
34. cxd5 exd5 35. Bxd5+ Kf6 36. Bxc6 1-0

[Event "0pen Est 2012/2013"]
[Site "Aubagne"]
[Date "2013.03.09"]
[Round "6.28"]
[White "Danthier, Christophe"]
[Black "Garbe, Georges"]
[Result "1-0"]
[WhiteElo "1499"]
[BlackElo "1300"]
[PlyCount "53"]

1. d4 d5 2. Bf4 Nf6 3. f3 Nc6 4. e3 e6 5. Bb5 Bd7 6. Ne2 Bd6 7. Bxd6 cxd6 8. c4
a6 9. cxd5 Qa5+ 10. Nbc3 Nxd5 11. Bxc6 Bxc6 12. e4 Ne3 13. d5 Nxg2+ 14. Kd2 Bb5
15. dxe6 Qb6 16. exf7+ Kxf7 17. Qb3+ Ke7 18. Nd5+ Kd7 19. Nxb6+ Kd8 20. Nxa8
Nf4 21. Nxf4 Rf8 22. Ne6+ Ke7 23. Nxf8 Kxf8 24. Rac1 Bd7 25. Rc7 Ke7 26. Rg1 g6
27. Qxb7 1-0

[Event "0pen Est 2012/2013"]
[Site "Aubagne"]
[Date "2013.03.09"]
[Round "6.29"]
[White "Renoulet, Francoise"]
[Black "Brongers, Claudine"]
[Result "0-1"]
[WhiteElo "1499"]
[BlackElo "1320"]
[PlyCount "50"]

1. c4 e5 2. Nc3 Nf6 3. d3 d5 4. b3 Be6 5. Nf3 Nc6 6. g3 Bb4 7. Bd2 d4 8. Bg2
dxc3 9. Be3 c2+ 10. Nd2 cxd1=Q+ 11. Rxd1 O-O 12. O-O Qd7 13. Rb1 Ng4 14. h4
Nxe3 15. Ne4 Nxf1 16. Bxf1 Bf5 17. Ng5 f6 18. a4 fxg5 19. h5 e4 20. e3 exd3 21.
Rc1 d2 22. Rd1 Bg4 23. Bd3 Bxd1 24. Kf1 Qh3+ 25. Kg1 Bf3 0-1

[Event "0pen Est 2012/2013"]
[Site "Aubagne"]
[Date "2013.03.09"]
[Round "6.30"]
[White "Jacquemard, Jean"]
[Black "Turpin, Isabelle"]
[Result "0-1"]
[WhiteElo "1310"]
[BlackElo "1070"]
[PlyCount "76"]

1. d4 d5 2. Nc3 Nc6 3. Bf4 e6 4. Nf3 h6 5. e3 Nf6 6. Be2 Bd6 7. Bxd6 Qxd6 8.
Qd2 a6 9. O-O-O b5 10. h4 Ke7 11. h5 Bd7 12. Ne1 Rhb8 13. Nd3 b4 14. Nc5 bxc3
15. Qxc3 Nb4 16. Kb1 a5 17. a3 Ne4 18. Nxe4 dxe4 19. f4 Ba4 20. Qc5 Bxc2+ 21.
Kc1 Bxd1 22. Rxd1 Nd5 23. g3 Rb7 24. Rd2 Kd8 25. g4 Qd7 26. Qf8+ Qe8 27. Qxg7
Qc6+ 28. Rc2 Qa4 29. Qxf7 Rab8 30. Qf8+ Kd7 31. Qxh6 Nxe3 32. Qh7+ Kd6 33. Qxe4
Nxc2 34. Qe5+ Ke7 35. Qc5+ Kf7 36. Bd3 Nxd4 37. Bg6+ Kg8 38. Qg5 Ne2+ 0-1

[Event "0pen Est 2012/2013"]
[Site "Aubagne"]
[Date "2013.03.09"]
[Round "6.31"]
[White "Bessard, Serge"]
[Black "Lognos, Lina"]
[Result "1-0"]
[WhiteElo "1420"]
[BlackElo "1187"]
[PlyCount "64"]

1. d4 Nf6 2. c4 d5 3. Nf3 g6 4. Nc3 Bg7 5. e3 O-O 6. h3 Nc6 7. Bd3 dxc4 8. Bxc4
a6 9. O-O Na5 10. Bd3 Rb8 11. b4 Nc6 12. Ba3 Be6 13. Re1 b5 14. Bb2 Nd5 15. Rc1
Nxc3 16. Bxc3 Na7 17. e4 c6 18. Qc2 Bh6 19. Bd2 Bg7 20. Ng5 Bxd4 21. Bf4 Rb7
22. e5 Nc8 23. Be3 Bxe5 24. Nxe6 fxe6 25. Qxc6 Rb6 26. Bxb6 Qxb6 27. Qxb6 Nxb6
28. Rxe5 Rd8 29. Bc2 Kf7 30. Bb3 Kf6 31. Rxe6+ Kf5 32. Rxb6 Rd3 1-0

[Event "0pen Est 2012/2013"]
[Site "Aubagne"]
[Date "2013.03.09"]
[Round "6.32"]
[White "Brozzoni, Alessandro"]
[Black "Gianfranceschi, Gerard"]
[Result "1-0"]
[WhiteElo "1250"]
[BlackElo "1010"]
[PlyCount "39"]

1. d4 b6 2. c4 c5 3. Nf3 e6 4. g3 Nc6 5. Bg2 Nf6 6. O-O d5 7. cxd5 exd5 8. Nc3
Bd6 9. Re1 O-O 10. e4 Ne7 11. e5 cxd4 12. Nxd4 Bc5 13. exf6 gxf6 14. Nxd5 Nxd5
15. Nc6 Qd6 16. Bxd5 Bb7 17. Ne7+ Kg7 18. Nf5+ Kg6 19. Nxd6 Bxd6 20. Qg4# 1-0

[Event "0pen Est 2012/2013"]
[Site "Aubagne"]
[Date "2013.03.10"]
[Round "6.33"]
[White "Attali, Josh"]
[Black "Conti, Beatrice"]
[Result "1/2-1/2"]
[WhiteElo "1199"]
[BlackElo "1130"]
[PlyCount "174"]

1. e4 g6 2. d4 d6 3. Nf3 Nf6 4. Nc3 Bg7 5. Bc4 O-O 6. O-O Bg4 7. h3 Bd7 8. e5
dxe5 9. dxe5 Ne8 10. Qe1 a6 11. Bg5 b5 12. Bd5 c6 13. Bb3 c5 14. e6 Bc6 15.
exf7+ Rxf7 16. Bxf7+ Kxf7 17. Bxe7 Qxe7 18. Rd1 Bxf3 19. Qxe7+ Kxe7 20. gxf3
Nc6 21. Rfe1+ Kf8 22. Re6 Nc7 23. Rxc6 Ne8 24. Re6 b4 25. Na4 c4 26. Nc5 Bxb2
27. Na4 Bf6 28. Rb1 Kf7 29. Rc6 c3 30. Rxb4 a5 31. Rb7+ Kg8 32. Nb6 Rd8 33. Rc8
Rd1+ 34. Kg2 Kf8 35. Nd5 Rxd5 36. Rb6 Ke7 37. Rxf6 Nxf6 38. Rxc3 Rd2 39. a4 Nd5
40. Rc5 Nf4+ 41. Kg3 Nh5+ 42. Kg2 Nf4+ 43. Kg3 Ne2+ 44. Kg2 Nf4+ 45. Kg3 Nd3
46. Rxa5 Rxc2 47. Rd5 Nxf2 48. a5 Nh1+ 49. Kg4 h5+ 50. Kf4 Rc4+ 51. Ke3 Ke6 52.
Rg5 Rc3+ 53. Ke2 Kf6 54. Rg1 Rc2+ 55. Kd1 Rh2 56. a6 h4 57. a7 Ra2 58. Rxh1
Rxa7 59. Rh2 Rd7+ 60. Ke2 Kf5 61. Rg2 Ra7 62. Rg4 g5 63. Rc4 Ra2+ 64. Ke3 Rh2
65. Rc5+ Ke6 66. Rxg5 Rxh3 67. Ke4 Rh1 68. Rg6+ Kd7 69. Ke3 h3 70. Kf2 Rh2+ 71.
Kg3 Rg2+ 72. Kxh3 Rxg6 73. Kh4 Ke7 74. Kh5 Kf7 75. f4 Kf6 76. Kh4 Kf5 77. Kh5
Rg8 78. Kh4 Kxf4 79. Kh3 Kf3 80. Kh4 Kf4 81. Kh5 Kf5 82. Kh4 Rg4+ 83. Kh5 Rg5+
84. Kh4 Kg6 85. Kh3 Kh5 86. Kh2 Kh4 87. Kh1 Kh3 1/2-1/2

[Event "0pen Est 2012/2013"]
[Site "Aubagne"]
[Date "2013.03.09"]
[Round "6.34"]
[White "Pegon, Claude"]
[Black "Chouard, Hugo"]
[Result "1-0"]
[WhiteElo "1190"]
[BlackElo "1199"]
[PlyCount "45"]

1. c4 c5 2. g3 e5 3. Bg2 Nf6 4. Nf3 Nc6 5. d3 d5 6. O-O Be7 7. Bd2 Bd6 8. a3
Be6 9. Nc3 O-O 10. Na2 e4 11. Ne1 Bf5 12. b4 a5 13. b5 Na7 14. Rb1 Re8 15. Nc3
Re5 16. Bf4 Re6 17. cxd5 Re7 18. Bxd6 Qxd6 19. Qa4 b6 20. dxe4 Nxe4 21. Nxe4
Qe6 22. Nc3 Rae8 23. dxe6 1-0

[Event "0pen Est 2012/2013"]
[Site "Aubagne"]
[Date "2013.03.10"]
[Round "6.35"]
[White "Periale, Francine"]
[Black "Escaillon, Gilbert"]
[Result "0-1"]
[WhiteElo "1100"]
[BlackElo "1190"]
[PlyCount "92"]

1. c4 e5 2. Nc3 Bc5 3. e3 Nf6 4. g3 O-O 5. Bg2 d6 6. d3 Nc6 7. Nf3 Bf5 8. O-O
d5 9. Re1 dxc4 10. e4 Bg6 11. Re2 Ng4 12. Bg5 f6 13. Bc1 cxd3 14. Rd2 Nb4 15.
Ne1 Ne3 16. fxe3 Bxe3+ 17. Kh1 Bxd2 18. Bxd2 f5 19. Bh3 fxe4 20. Qb3+ Kh8 21.
Qxb4 b6 22. Bg2 Rf2 23. Be3 a5 24. Qb3 Rf7 25. Rd1 Bh5 26. Rd2 Qe7 27. Nd5 Qe6
28. Bxe4 Rf1+ 29. Bg1 Qf7 30. Qxd3 Rxe1 31. Bxh7 Qf1 32. Qxf1 Rxf1 33. Bd3 Bf3+
34. Rg2 Bxg2+ 35. Kxg2 Rd1 36. Nxc7 Rc8 37. Bxb6 Rxd3 38. Na6 Rd2+ 39. Kh3 Rxb2
40. Bxa5 Rxa2 41. Be1 Rxa6 42. g4 g5 43. Bg3 Ra3 44. Kg2 e4 45. Be5+ Kg8 46.
Bf6 Rc2+ 0-1

[Event "0pen Est 2012/2013"]
[Site "Aubagne"]
[Date "2013.03.09"]
[Round "6.36"]
[White "Tosato, Tony"]
[Black "Graccione, Angele"]
[Result "1-0"]
[WhiteElo "1030"]
[BlackElo "1499"]
[PlyCount "63"]

1. d4 Nf6 2. c4 e6 3. Nf3 d5 4. g3 Bd6 5. Bg2 O-O 6. O-O Re8 7. Nc3 Bb4 8. a3
Bd6 9. Re1 c5 10. Qd3 Nc6 11. e4 Bc7 12. Bd2 Na5 13. cxd5 exd5 14. exd5 c4 15.
Qc2 b5 16. Nxb5 Bb6 17. Qa4 a6 18. Nd6 Bd7 19. Rxe8+ Bxe8 20. Nxe8 Qxe8 21.
Qxe8+ Nxe8 22. Ne5 Nb3 23. d6 Nxa1 24. Bxa8 Nc2 25. d7 Nd6 26. Nc6 Nxd4 27.
Nxd4 Ne4 28. Be3 c3 29. Bxe4 cxb2 30. Nc6 Bc7 31. Bd2 h6 32. Ba5 1-0

[Event "0pen Est 2012/2013"]
[Site "Aubagne"]
[Date "2013.03.10"]
[Round "6.37"]
[White "Maestracci, Monique"]
[Black "Gousseau, Michel"]
[Result "0-1"]
[WhiteElo "1080"]
[BlackElo "1150"]
[PlyCount "85"]

1. e4 c6 2. Nf3 d5 3. Nc3 g6 4. exd5 cxd5 5. d4 Bg7 6. Bd3 Nc6 7. Bb5 a6 8.
Bxc6+ bxc6 9. Ne2 e6 10. b4 Ne7 11. O-O O-O 12. Bb2 Nf5 13. Qd3 Re8 14. Ne5 Qc7
15. f4 Rb8 16. a3 a5 17. c3 Qa7 18. Nxc6 Qb6 19. Nxb8 Qxb8 20. b5 Bd7 21. a4
Nd6 22. Ba3 Nc4 23. Bc1 e5 24. dxe5 Bf5 25. Qxd5 Qa7+ 26. Kh1 Ne3 27. Rf3 Nxd5
28. c4 Be4 29. Rg3 Qf2 30. Be3 Nxe3 31. Rg1 Nf5 32. Nc3 Bc2 33. Rf3 Qh4 34. g3
Qh3 35. b6 Nxg3+ 36. Rfxg3 Qe6 37. Nd5 Be4+ 38. R1g2 Qc6 39. h4 Qxc4 40. Nc7
Qf1+ 41. Kh2 Qxg2+ 42. Rxg2 Bxg2 43. Kxg2 0-1

[Event "0pen Est 2012/2013"]
[Site "Aubagne"]
[Date "2013.03.24"]
[Round "7.1"]
[White "Massardo, Quentin"]
[Black "Cescon, Moreno"]
[Result "1-0"]
[WhiteElo "1736"]
[BlackElo "1741"]
[PlyCount "107"]

1. d4 Nf6 2. c4 g6 3. Nf3 Bg7 4. g3 d6 5. Bg2 O-O 6. O-O Be6 7. Qb3 b6 8. Ng5
c6 9. Nxe6 fxe6 10. Bh3 e5 11. dxe5 dxe5 12. c5+ Kh8 13. cxb6 Qxb6 14. Qxb6
axb6 15. Rd1 Na6 16. Nc3 Nb4 17. a3 Nbd5 18. Bg2 Nxc3 19. bxc3 Rac8 20. c4 b5
21. c5 e4 22. Bb2 Ng4 23. Bxg7+ Kxg7 24. Bxe4 Nxf2 25. Rd7 Nxe4 26. Rxe7+ Kh6
27. Rxe4 Rf5 28. Rc1 Rcf8 29. Re6 R8f6 30. Re4 Rd5 31. g4 Kg5 32. h3 h5 33. Kg2
Rf4 34. Re6 hxg4 35. h4+ Kh5 36. Rxc6 Rc4 37. Rf1 Rdxc5 38. Rf7 Kh6 39. Re6 Rc7
40. Rf8 Rc3 41. Rg8 Rg7 42. Rh8+ Rh7 43. Rg8 Rc4 44. Rgxg6+ Kh5 45. Kg3 Rc5 46.
Rxg4 Ra7 47. Rg8 Rh7 48. e3 Rd5 49. Re4 Rc5 50. Reg4 Rd5 51. R4g5+ Rxg5+ 52.
Rxg5+ Kh6 53. e4 Rg7 54. Kh3 1-0

[Event "0pen Est 2012/2013"]
[Site "Aubagne"]
[Date "2013.03.23"]
[Round "7.2"]
[White "Israel, Daniel"]
[Black "Gambino, Max"]
[Result "1-0"]
[WhiteElo "1814"]
[BlackElo "1620"]
[PlyCount "121"]

1. e4 b6 2. g3 Bb7 3. Bg2 e6 4. c4 Nf6 5. d3 Nc6 6. Nc3 Bb4 7. Nge2 O-O 8. O-O
Bxc3 9. bxc3 d6 10. f4 e5 11. Bd2 Nd7 12. f5 Qf6 13. g4 h6 14. Ng3 Qe7 15. Nh5
Nf6 16. g5 Nxh5 17. Qxh5 hxg5 18. Bxg5 f6 19. Be3 Qf7 20. Qg4 Rfd8 21. Rf3 Kf8
22. Rh3 Ke7 23. Rh7 Rg8 24. Bh6 Kf8 25. Rf1 Rd8 26. Rf3 Rd7 27. Rg3 Nb8 28. Bf3
c5 29. Qh4 Rc7 30. Bh5 Qe7 31. Bg6 Bc6 32. Be3 Be8 33. Rh8 Bxg6 34. Rxg8+ Kxg8
35. fxg6 Qe6 36. Qh7+ Kf8 37. Qh8+ Qg8 38. Rh3 Nc6 39. Qh4 Ke7 40. Qg4 Qe6 41.
Qg3 Rc8 42. Rh7 Rg8 43. Bh6 Kf8 44. Bd2 Ne7 45. h4 Qd7 46. h5 f5 47. Bg5 f4 48.
Qh4 Qe6 49. Bxe7+ Qxe7 50. Qg4 Qd8 51. h6 Ke7 52. hxg7 Qe8 53. Qf5 a6 54. Kg2
b5 55. a3 bxc4 56. dxc4 a5 57. a4 Qxa4 58. Qf7+ Kd8 59. Qxg8+ Kc7 60. Qd8+ Kb7
61. g8=Q+ 1-0

[Event "0pen Est 2012/2013"]
[Site "Aubagne"]
[Date "2013.03.23"]
[Round "7.3"]
[White "Salvi, Michel"]
[Black "Benezra, Amos"]
[Result "1-0"]
[WhiteElo "1555"]
[BlackElo "1699"]
[PlyCount "75"]

1. e4 c5 2. Nf3 d6 3. d4 cxd4 4. Nxd4 Nf6 5. Nc3 e6 6. Be2 Nc6 7. Bg5 Be7 8.
Ndb5 a6 9. Bxf6 gxf6 10. Nd4 Qb6 11. Nb3 Rg8 12. g3 Qc7 13. a4 b6 14. Qd2 Bb7
15. Rg1 Rc8 16. O-O-O Nb4 17. Kb1 Ra8 18. Nd5 Nxd5 19. exd5 e5 20. Bd3 Rh8 21.
Qh6 Bxd5 22. Bxa6 Bc6 23. Qg7 Rf8 24. Qg4 Rb8 25. Qc4 Kd7 26. Rd3 Ra8 27. Rc3
Rab8 28. Bb5 Rbc8 29. Qg4+ Kd8 30. Rxc6 Qxc6 31. Bxc6 Rxc6 32. Qe4 Kd7 33. Re1
Rfc8 34. Re2 Rc4 35. Qd5 R8c7 36. f4 exf4 37. Qxf7 Kd8 38. Rxe7 1-0

[Event "0pen Est 2012/2013"]
[Site "Aubagne"]
[Date "2013.03.23"]
[Round "7.4"]
[White "Ganier, Philippe"]
[Black "Luc, Rene"]
[Result "1-0"]
[WhiteElo "1490"]
[BlackElo "1656"]
[PlyCount "47"]

1. Nf3 Nf6 2. d3 d5 3. g3 e6 4. Bg2 c5 5. O-O Nc6 6. Nbd2 Bd7 7. e4 dxe4 8.
dxe4 e5 9. Re1 Qc7 10. c3 O-O-O 11. Qc2 h6 12. Nc4 Be6 13. Ne3 g6 14. a3 Kb8
15. b3 Be7 16. Bb2 Rd7 17. Nd5 Bxd5 18. exd5 Rxd5 19. c4 Rd7 20. Nxe5 Nxe5 21.
Bxe5 Rd6 22. Rad1 Rhd8 23. Rxd6 Bxd6 24. Bxf6 1-0

[Event "0pen Est 2012/2013"]
[Site "Aubagne"]
[Date "2013.03.23"]
[Round "7.5"]
[White "Cavanihac, Claude"]
[Black "Gamblin, Thibaut"]
[Result "0-1"]
[WhiteElo "1567"]
[BlackElo "1480"]
[PlyCount "86"]

1. d4 d5 2. c4 c6 3. cxd5 Qxd5 4. Nc3 Qa5 5. Bd2 Qb6 6. Bc1 e6 7. e3 Nf6 8. Bd3
Bd7 9. Nge2 c5 10. dxc5 Bxc5 11. O-O O-O 12. a3 Bd6 13. Ng3 Bxg3 14. fxg3 Bc6
15. h3 Nbd7 16. b4 Ne5 17. Bb1 Bxg2 18. Na4 Qc6 19. Rf2 Bxh3 20. Bb2 Bg4 21.
Qc2 Nf3+ 22. Rxf3 Qxc2 23. Bxc2 Bxf3 24. Bxf6 gxf6 25. Kf2 Bc6 26. Nb2 Rfd8 27.
Nd3 Be4 28. Ke2 Bxd3+ 29. Bxd3 f5 30. Rh1 Rd6 31. g4 Rad8 32. Bb1 Rd2+ 33. Kf3
Rd1 34. Rxd1 Rxd1 35. Bc2 fxg4+ 36. Kxg4 Rf1 37. e4 e5 38. a4 Kg7 39. b5 Kg6
40. Bd3 h5+ 41. Kg3 Rd1 42. Bc4 Rd4 43. Bd5 b6 0-1

[Event "0pen Est 2012/2013"]
[Site "Aubagne"]
[Date "2013.03.23"]
[Round "7.7"]
[White "Bertrand, Frederic"]
[Black "Velut, Pierre-Marie"]
[Result "0-1"]
[WhiteElo "1720"]
[BlackElo "1500"]
[PlyCount "50"]

1. e4 e6 2. d4 d5 3. e5 c5 4. c3 Nc6 5. Nf3 Bd7 6. Be2 Nge7 7. b3 cxd4 8. cxd4
Ng6 9. O-O Bb4 10. a3 Ba5 11. b4 Bb6 12. Bb2 a6 13. Qd2 O-O 14. Nc3 f6 15. exf6
Rxf6 16. Na4 Ba7 17. Nc5 Bc8 18. Ng5 h6 19. Nf3 Nf4 20. g3 Nxe2+ 21. Qxe2 Bb8
22. Nd3 Rg6 23. Nfe5 Nxe5 24. dxe5 Qh4 25. Nf4 Qxf4 0-1

[Event "0pen Est 2012/2013"]
[Site "Aubagne"]
[Date "2013.03.23"]
[Round "7.8"]
[White "Leadbetter, Peter"]
[Black "Gallo, Nicolas"]
[Result "0-1"]
[WhiteElo "1570"]
[BlackElo "1499"]
[PlyCount "68"]

1. d4 d5 2. Nf3 Nf6 3. e3 Bf5 4. c4 c6 5. Nc3 h6 6. Bd3 Ne4 7. Bxe4 dxe4 8. Nd2
Nd7 9. Ncxe4 e5 10. O-O Bb4 11. a3 Bxd2 12. Nxd2 Bd3 13. Re1 e4 14. c5 O-O 15.
b4 Qh4 16. Nf1 Nf6 17. h3 Rad8 18. Ng3 Rd5 19. Ne2 g5 20. a4 Rf5 21. Ng3 Rd5
22. Qd2 g4 23. Nh1 gxh3 24. g3 h2+ 25. Kg2 Qh5 26. Qd1 Qg6 27. b5 Rh5 28. Bb2
Qf5 29. g4 Rg5 30. Ng3 Rxg4 31. Rh1 Nh5 32. Rxh2 Nxg3 33. fxg3 Kh7 34. Qh1
Rxg3+ 0-1